Statistics for Capitals by First Three Letters w/ Clue for the Letters

Click here to take the quiz!

General Stats

  • This quiz has been taken 37 times
    (27 since last reset)
  • The average score is 11 of 20

Answer Stats

ClueCapital% Correct
Tolstoy's "___ and Peace"Warsaw
92%
Women's supportive undergarmentBrasilia / Bratislava / Brazzaville
77%
Homer Simpson exclamationDoha
69%
Past tense of verb to beWashington
69%
___, Subtract, Multiply, DivideAddis Ababa
65%
AutomobileCaracas
65%
Slang for police officerCopenhagen
65%
Between birdie and bogeyParis / Paramaribo
65%
Very angry or insaneMadrid
62%
Transgression against GodSingapore
62%
Marsh or swampBogota
58%
Citizen Kane's final word, "Rose___"Budapest
58%
Weir, dike or leveeDamascus
58%
Zig's partnerZagreb
58%
In the knighting ceremony, "I ___ thee..."Dublin
46%
Cylindrical metal storage containerCanberra
42%
Fireplace residueAshgabat
38%
Largest ethnic group in ChinaHanoi
38%
Mel ___, Giants slugger of the 30s and 40sOttawa
35%
Antonym of proConakry
19%

Score Distribution

Percentile by Number Answered

Percent of People with Each Score

Your Score History

You have not taken this quiz since the last reset